Vincitori Pallone d'argento - Statistics

Statistiche generali
  • Questo quiz è stato fatto 13 volte
  • Il punteggio medio è 8 su 18
Statistiche sulle risposte
Stagione Nazione Squadra Calciatore % Corretto
2007-2008 Italia Roma Francesco Totti
100%
2008-2009 Italia Juventus Alessandro Del Piero
92%
2016-2017 Italia Torino Andrea Belotti
92%
2010-2011 Italia Udinese Antonio Di Natale
83%
2003-2004 Ucraina Milan Andrij Shevchenko
75%
2006-2007 Brasile Milan Kaká
75%
2005-2006 Italia Fiorentina Luca Toni
67%
2001-2002 Argentina Inter Javier Zanetti
58%
2011-2012 Italia Juventus Andrea Pirlo
50%
2015-2016 Italia Roma Alessandro Florenzi
17%
2000-2001 Italia Roma Damiano Tommasi
17%
2014-2015 Italia Sassuolo Francesco Acerbi
17%
1999-2000 Italia Lazio Paolo Negro
17%
2002-2003 Italia Juventus Ciro Ferrara
8%
2004-2005 Italia Cagliari Gianfranco Zola
8%
2013-2014 Italia Fiorentina Giuseppe Ross
8%
2009-2010 Italia Napoli Morgan De Sanctis
8%
2012-2013 Italia Milan Stephan El Shaarawy
8%
Nessun quiz corrispondente trovato
Distribuzione punteggi
Percentuale di utenti per punteggio
Percentile per numero di risposta
I tuoi punteggi nel tempo
Non hai fatto questo quiz